Química 3, inorgánica y orgánica /

Guardado en:
Autor Principal: Biasioli, Gladys D. A. de
Otros Autores: Weitz, Catalina D. S. de, Chandía, D.o.t.
Formato: Libro
Publicado: Buenos Aires : Kapelusz, 1981
Materias:
Etiquetas: Agregar Etiqueta
Sin Etiquetas, Sea el primero en etiquetar este registro!
LEADER 01961nam a22003015a 4500
001 CEM.cems001050
008 130507s1981##################000#0#####d
005 20231108095157.0
245 1 0 |a Química 3, inorgánica y orgánica /  |c Gladys D. A. de Bisioli, C.S de Weitz y D.O.T. de Chandías 
260 |a Buenos Aires :  |b Kapelusz,  |c 1981 
300 |a 253 p. 
505 0 |a Sistemas materiales. Separacion y fraccionamiento de fases. Los fenomenos quimicos. Leyes gravimetricas y de las combinaciones gaseosas. La teoría atomica clasica. Gases. Tabla periodica de los elementos. Estructura atomica. Modelo atomico actual. Uniones quimicas. Formacion de compuestos binarios. Acidos, hidroxidos y sales. Estequiometria. Energia de las reacciones quimicas. Cinetica quimica. Acidos y bases. Oxidacion y reduccion. Electrolisis. Estado solido. Hidrogeno, oxigeno, gases nobles. Halogenos. Minerales y metales. Metales alcalinos. Elementos de transicion. APENDICE: Quimica nuclear 
100 1 |a Biasioli, Gladys D. A. de 
700 1 |a Weitz, Catalina D. S. de 
700 1 |a Chandía, D.o.t. 
082 0 4 |a 540 
653 |a Química 
653 |a Química inorgánica 
859 |a CEMS  |b BIB. CEMS - 11 de abril  |h 540  |i B47  |p 15724.90  |t Ej.1  |v III  |3 III 
859 |a CEMS  |b BIB. CEMS - Agricultura  |h 540  |i B47  |p A16062.91  |t Ej.1  |v III  |3 III 
859 |a CEMS  |b BIB. CEMS - 11 de abril  |h 540  |i B47  |p 15725.90  |t Ej.2  |v III  |3 III 
859 |a CEMS  |b BIB. CEMS - Agricultura  |h 540  |i B47  |p A16488.92  |t Ej.2  |v III  |3 III 
859 |a CEMS  |b BIB. CEMS - 11 de abril  |h 540  |i B47  |p 15726.90  |t Ej.3  |v III  |3 III 
859 |a CEMS  |b BIB. CEMS - 11 de abril  |h 540  |i B47  |p 15727.90  |t Ej.4  |v III  |3 III 
859 |a CEMS  |b BIB. CEMS - 11 de abril  |h 540  |i B47  |p 15728.90  |t Ej.5  |v III  |3 III 
859 |a CEMS  |b BIB. CEMS - 11 de abril  |h 540  |i B47  |p 16487.92  |t Ej.7  |v III  |3 III 
859 |a CEMS  |b BIB. CEMS - 11 de abril  |h 540  |i B47  |p 16489.92  |t Ej.9  |v III  |3 III 
859 |a CEMS  |b BIB. CEMS - 11 de abril  |h 540  |i B47  |p 16779.92  |t Ej.10  |v III  |3 III